| 000 | 01757nam2a2200325 4500 | ||
|---|---|---|---|
| 001 | RU\NLR\BIBL_A\022804060 | ||
| 005 | 20260623132223.0 | ||
| 010 |
_a978-5-908015-40-0 _bт. 3, ч. 2 _9300 |
||
| 035 | _a(NLR Aleph) 022804060 | ||
| 090 |
_a13704729 _c13704729 |
||
| 100 | _a20260512d2026 k y0rusy50 ca | ||
| 101 | 0 | _arus | |
| 102 | _aRU | ||
| 105 | _aac z 001yy | ||
| 200 | 1 |
_aСпайнолепестные двудольные сосудистые растения _hЧ. 2 _iAsteraceae. Дополнения к предыдущим томам _fЮ. Е. Алексеева, П. Г. Ефимов, М. С. Игнатов [и др.] _gпод общей редакцией Н. М. Решетниковой, Н. Ю. Степановой _gГлавный ботанический сад им. Н. В. Цицина РАН |
|
| 210 | _d2026 | ||
| 215 |
_a523 с., [1] л. портр. _cил. |
||
| 225 | 1 |
_a... _vвып. 15 |
|
| 300 | _aАвт. указаны на обороте тит. с. | ||
| 320 | _aБиблиогр.: с. 468-489 | ||
| 320 | _aАлф. указатели назв. растений: латин., рус.: с. 490-520 | ||
| 461 | 0 |
_1001RU\NLR\bibl\1074083 _12001#$aФлора Нижнего Поволжья$f[Алексеев Ю.Е., Клинкова Г.Ю., Лактионов А.П. и др.$gпод общ. ред. проф. А.К. Скворцова]$gГл. ботан. сад РАН$vТ. 3 |
|
| 606 | 1 |
_aСосудистые растения _yПоволжье Нижнее _2nlr_sh2 _3RU\NLR\AUTH\66452111 |
|
| 606 | 1 |
_aАстровые _2nlr_sh1 _2nlr_sh2 _3RU\NLR\AUTH\66155551 |
|
| 686 | 1 | _aЕ592.72Com | |
| 686 | 1 | _aЕ592(2Р354,3) | |
| 942 | _cBOOK | ||
| 980 | _aNB | ||